Sukarkah komunikasi anda? : seni berhubung dengan orang lain

Bibliographic Details
Main Author: Zulkifli Yusof
Corporate Author: Title
Format: Book
Series:Siri motivasi dan kecemerlangan Utusan
Subjects:

MARC

LEADER 00000cam a2200000 7i4500
001 0000012030
005 20071127.0
008 071123
020 |a 9676110094 
090 0 0 |a 302.2   |b ZUL 
100 0 |a Zulkifli Yusof 
245 1 0 |a Sukarkah komunikasi anda? :   |b seni berhubung dengan orang lain   |c Zulkifli Yusof 
440 |a Siri motivasi dan kecemerlangan Utusan 
650 0 |a Communication 
650 0 |a Communication   |x Social aspect 
650 0 |a Interpersonl, communication 
650 0 |a Malay fiction 
710 0 |a Title 
999 |a 0000795765   |b Book   |c Adult Collection   |e Cawangan Segamat 
999 |a 0000799704   |b Book   |c Adult Collection   |e Cawangan Pontian 
999 |a 0000816893   |b Book   |c Adult Collection   |e Cawangan Mersing 
999 |a 0000817474   |b Book   |c Adult Collection   |e Cawangan Bandar Penawar 
999 |a 0000910727   |b Book   |c Adult Collection   |e Cawangan Bandar Tenggara 
999 |a 0001004808   |b Book   |c Adult Collection   |e Perbadanan Perpustakaan Awam Johor 
999 |a 0001010841   |b Book   |c Adult Collection   |e Perbadanan Perpustakaan Awam Johor